Wild and Beautiful Montana: Featuring Landscape Photography. (Record no. 603592)

MARC details
000 -LEADER
fixed length control field 00518nam a2200145Ia 4500
008 - FIXED-LENGTH DATA ELEMENTS--GENERAL INFORMATION
fixed length control field 100415s9999 xx 000 0 und d
082 ## - DEWEY DECIMAL CLASSIFICATION NUMBER
Item number 20710
Classification number 770
100 ## - MAIN ENTRY--PERSONAL NAME
Personal name HANEY, CHUCK; REDDY, JOHN.
245 ## - TITLE STATEMENT
Title Wild and Beautiful Montana: Featuring Landscape Photography.
260 ## - PUBLICATION, DISTRIBUTION, ETC. (IMPRINT)
Place of publication, distribution, etc MONTANA
Date of publication, distribution, etc 2002
Name of publisher, distributor, etc AMERICAN & WORLD GEOGRAPHIC PU
365 ## - TRADE PRICE
Price amount 1509.48
630 ## - SUBJECT ADDED ENTRY--UNIFORM TITLE
Uniform title Wild and Beautiful Montana: Featuring Landscape Photography.
730 ## - ADDED ENTRY--UNIFORM TITLE
Uniform title Wild and Beautiful Montana: Featuring Landscape Photography.
942 ## - ADDED ENTRY ELEMENTS (KOHA)
Koha item type Book
Holdings
Withdrawn status Lost status Damaged status Not for loan Home library Current library Date acquired Cost, normal purchase price Total Checkouts Full call number Barcode Date last seen Price effective from Koha item type
        Bombay Natural History Society Bombay Natural History Society 12/13/2003 1509.48   770 20710 BNHS-20710 04/15/2010 04/15/2010 Book